000 00277nam a2200121Ia 4500
008 211105s9999 xx 000 0 und d
020 _aVYASA10624
100 _aBerman Barry
245 0 _aRetail Management
250 _a\N
260 _bPearson Education
_c\N
300 _a682p.
999 _c10181
_d10181